| 000 | 01114nam a22002415i 4500 | ||
|---|---|---|---|
| 001 | 176732 | ||
| 003 | ES-MaACL | ||
| 005 | 20230906220153.0 | ||
| 008 | 110204s1960 fr |||| | fre d | ||
| 080 | _a637.1/.3 | ||
| 080 | _a339.188 | ||
| 245 | 0 | 0 | _aMarges de commercialisation pour le lait et les produits laitiers dans les pays de l'OECE : projet nº 285. |
| 260 |
_a[Paris] : _bAgence Européenne de Productivité, Division de l'action technique et de la productivité dans l'agriculture et l'alimentation, Organisation Européenne de Coopération Économique, _c1960. |
||
| 300 |
_a140 p. ; _c27 cm. |
||
| 490 | 1 |
_aAlimentation et agriculture documentation. Série 1960 ; _v24 |
|
| 546 | _aTexto en francés. | ||
| 650 | 0 | 4 |
_aLeche- _xComercialización. _9145037 |
| 650 | 0 | 4 |
_aProductos lácteos- _xComercialización. _9145038 |
| 710 | 0 |
_aOrganización de Cooperación y Desarrollo Económico. _bAgencia Europea de Productividad. _96056 |
|
| 830 | 0 |
_aAlimentation et agriculture documentation. Série 1960 ; _v24 _9190213 |
|
| 852 |
_aES-MaACL _jE-14192 _xOlim P-969-bis |
||
| 999 |
_c176732 _d176732 |
||